<?xml version="1.0" encoding="UTF-8"?>
<marc:record xmlns:marc="http://www.loc.gov/MARC21/slim">
   <marc:leader>00000nam a2200000 a 4500</marc:leader>
   <marc:datafield ind1="1" ind2=" " tag="100">
      <marc:subfield code="a">Eberwein, Hans</marc:subfield>
      <marc:subfield code="4">edt</marc:subfield>
      <marc:subfield code="e">Bearbeiter/-in</marc:subfield>
   </marc:datafield>
   <marc:datafield ind1=" " ind2=" " tag="653">
      <marc:subfield code="a">Sonderpädagogische Diagnostik</marc:subfield>
   </marc:datafield>
   <marc:datafield ind1=" " ind2=" " tag="653">
      <marc:subfield code="a">Aufsatzsammlung</marc:subfield>
   </marc:datafield>
   <marc:datafield ind1="0" ind2="0" tag="245">
      <marc:subfield code="a">Lernprozesse verstehen</marc:subfield>
   </marc:datafield>
   <marc:datafield ind1="0" ind2="0" tag="245">
      <marc:subfield code="b">Wege einer neuen (sonder-)pädagogischen Diagnostik ; ein Handbuch</marc:subfield>
   </marc:datafield>
   <marc:datafield ind1="0" ind2="0" tag="245">
      <marc:subfield code="c">hrsg. von Hans Eberwein und Sabine Knauer</marc:subfield>
   </marc:datafield>
   <marc:datafield ind1=" " ind2="1" tag="264">
      <marc:subfield code="a">Weinheim,</marc:subfield>
      <marc:subfield code="b">Beltz</marc:subfield>
      <marc:subfield code="c">2003</marc:subfield>
   </marc:datafield>
   <marc:datafield ind1="1" ind2=" " tag="490">
      <marc:subfield code="a">Beltz-Handbuch</marc:subfield>
   </marc:datafield>
   <marc:datafield ind1=" " ind2=" " tag="250">
      <marc:subfield code="a">2., neu ausgestattete Aufl.</marc:subfield>
   </marc:datafield>
   <marc:datafield ind1="1" ind2=" " tag="520">
      <marc:subfield code="a">Aus wissenschaftlicher und schulpraktischer Sicht dokumentiert das Handbuch die Abkehr von der sonderpädagogisch-defizitorientierten Diagnostik. Es werden Wege zu individuellen Hilfen im Rahmen der Lernprozessanalyse vorgestellt. Die meisten Bundesländer haben auf die Änderung der pädagogischen Diagnostik u.a. mit schulrechtlichen Innovationen reagiert. Die herkömmliche Sonderschulüberprüfung wird zunehmend durch Förderausschussverfahren ersetzt. Diese Änderung basiert auf einem grundsätzlichen Umdenken von einer zuschreibenden und damit stigmatisierenden zu einer fähigkeits- und förderorientierten pädagogischen Diagnostik. Dem Kind-Umfeld, der Selbstorganisation und dem Prozesscharakter von Lernen wird sowohl bei der Eingangs-, als auch durch die Lernprozessanalyse Rechnung getragen. Herkömmliche Testverfahren werden in den Hintergrund gedrängt. Eine ganzheitliche Sicht wird Schüler/innen gerechter.</marc:subfield>
   </marc:datafield>
   <marc:datafield ind1=" " ind2=" " tag="020">
      <marc:subfield code="a">9783407831545</marc:subfield>
      <marc:subfield code="9">9783407831545</marc:subfield>
   </marc:datafield>
   <marc:datafield ind1=" " ind2=" " tag="020">
      <marc:subfield code="a">3407831544</marc:subfield>
      <marc:subfield code="9">3407831544</marc:subfield>
   </marc:datafield>
   <marc:datafield ind1=" " ind2=" " tag="041">
      <marc:subfield code="a">ger</marc:subfield>
   </marc:datafield>
   <marc:datafield ind1=" " ind2=" " tag="300">
      <marc:subfield code="a">288 S.</marc:subfield>
   </marc:datafield>
</marc:record>
